[Event "Cali Region-ch"]
[Site "Cali"]
[Date "2017.04.30"]
[Round "5"]
[White "Cabrera, Xisto Antonio"]
[Black "Marmolejo, Giovanny"]
[Result "0-1"]
[WhiteElo "1479"]
[BlackElo "1550"]
[PlyCount "82"]
[EventDate "2017.04.28"]
[EventType "swiss"]
[EventRounds "7"]
[EventCountry "COL"]
[SourceTitle "CBM 178 Extra"]
[Source "ChessBase"]
[SourceDate "2017.06.22"]
[SourceVersion "1"]
[SourceVersionDate "2017.06.22"]
[SourceQuality "1"]

1. e4 g6 2. d4 Bg7 3. Be3 d6 4. Bd3 a6 5. Nd2 Nd7 6. h3 b5 7. a3 Bb7 8. c4 bxc4 9. Nxc4 Ngf6 10. Qc2 0-0 11. Nf3 Qc8 12. 0-0 c5 13. d5 Qc7 14. Ncd2 Rfc8 15. Rfe1 a5 16. a4 Ba6 17. b3 Bxd3 18. Qxd3 Nb8 19. Nf1 Nfd7 20. Rab1 Na6 21. Bd2 Rcb8 22. Rb2 Bxb2 23. Bc3 Bxc3 24. Qxc3 Rb4 25. e5 dxe5 26. Nxe5 Nxe5 27. Rxe5 Rxb3 28. Qxb3 Qxe5 29. Qb7 Qb8 30. Qxe7 c4 31. d6 c3 32. Ne3 Nb4 33. g3 c2 34. Ng4 c1Q+ 35. Kg2 Qc6+ 36. Kh2 Qbxd6 37. Nh6+ Kg7 38. Qxf7+ Kxh6 39. Qb3 Qdd5 40. Qe3+ Kg7 41. Qe7+ Kg8 0-1